| Tag |
First Indicator |
Second Indicator |
Subfields |
| LEADER |
00000cam a2200000 4500 |
| 001 |
in00000046930 |
| 005 |
20151007075506.0 |
| 008 |
721218s1952 nyu 00000 eng u |
| 010 |
|
|
|a agr52000425
|
| 035 |
|
|
|a (OCoLC)00519631
|
| 035 |
|
|
|9 AAF3305AM
|
| 040 |
|
|
|c KSU
|d TXA
|d UtOrBLW
|
| 049 |
|
|
|a TXAM
|c [209847]
|
| 050 |
0 |
0 |
|a S585
|b .P58
|
| 092 |
|
|
|a 630.24
|b P672m
|
| 100 |
1 |
|
|a Pirone, Pascal Pompey,
|d 1907-2003.
|
| 245 |
1 |
0 |
|a Modern gardening ;
|b a complete guide to the agricultural uses of modern chemistry's miracle drugs /
|c Compiled under the editorial supervision of Maron J. Simon.
|
| 264 |
|
1 |
|a [New York] :
|b Simon and Schuster,
|c 1952.
|
| 300 |
|
|
|a x, 371 pages ;
|c 21 cm.
|
| 336 |
|
|
|a text
|b txt
|2 rdacontent
|
| 337 |
|
|
|a unmediated
|b n
|2 rdamedia
|
| 338 |
|
|
|a volume
|b nc
|2 rdacarrier
|
| 650 |
|
0 |
|a Agricultural chemicals.
|
| 999 |
|
|
|a MARS
|
| 999 |
f |
f |
|s dcb7f277-5727-3970-932b-3e335750ad9a
|i d00b03ca-67a4-3de2-94d0-c1b4eca47872
|t 0
|
| 952 |
f |
f |
|p ric
|a Texas A&M University
|b Rellis Campus
|c Joint Library Facility
|d Remote Storage
|t 0
|e S585 .P58
|h Library of Congress classification
|i unmediated -- volume
|m A14801054326
|
| 998 |
f |
f |
|a S585 .P58
|t 0
|l Remote Storage
|